| 000 | 009060000a22003130004500 | ||
|---|---|---|---|
| 500 | _aBibliography: p.76-79 | ||
| 650 | _aSocial problems | ||
| 650 | _aAids | ||
| 650 | _aSexual education | ||
| 650 | _aDiseases | ||
| 650 | _aVenereal diseases | ||
| 650 | _aSecondary schools | ||
| 650 | _aSecondary school students | ||
| 651 | _aNepal | ||
| 651 | _aChitwan district | ||
| 651 | _aGeetanagar VDC | ||
| 650 | _aHigher secondary schools | ||
| 082 |
_a362.1969792 _bP756k _cD |
||
| 518 | _a2006-06-20 | ||
| 530 | _aDis | ||
| 100 | _aPokharel, Parbati | ||
| 245 | _aKnowledge and behaviour on STDs, HIV/AIDS and drug use among higher secondary level students in Geetanagar VDC of Chitwan | ||
| 260 | _aKathmandu, Nepal | ||
| 502 |
_aDissertation _bDegree in Population Studies, Tribhuvan University |
||
| 260 | _c2005 | ||
| 300 |
_axiv, 87p. _billus |
||
| 041 | _aEng | ||
| 942 | _cGEN | ||
| 999 |
_c37016 _d37016 |
||